00838cam a22002291 4500001001300000003000400013005001700017008004100034010001700075040004600092043001200138050001800150100003900168245014400207260004500351300002700396440006400423504003900487650002800526650003700554999001700591e 22000450 DLC20260227111213.0820607s1920 gw a b 000 0 ger c ae 22000450  aLibrary, U.S. Bur. of EducationcDLCdDLC ae-gx---00aLC4696.G3bR71 aRothe, Karl Cornelius,d1879-1932.10aPädagogische, didaktische und logopädische Winke für Lehrer an Sonderklassen für sprachkranke Kinder.cVon Karl Cornelius Rothe ... aLangensalza,bH. Beyer & Söhne,c1920. a26 p.btables.c25 cm. 0aBeiträge zur Kinderforschung und Heilerziehung,vHft. 168 a"Literatur-Übersicht": p. 25-26. 0aSlow learning children. 0aSlow learning childrenzGermany. c20547d20547